NFL QB Rooms 2026 - Statistics

General Stats
  • This quiz has been taken 49 times
  • The average score is 66 of 106
Answer Stats
Team Answer % Correct
New York Giants Brandon Allen
100%
Buffalo Bills Josh Allen
100%
Buffalo Bills Kyle Allen
100%
Chicago Bears Caleb Williams
97%
Houston Texans C.J. Stroud
97%
Indianapolis Colts Daniel Jones
97%
New England Patriots Drake Maye
97%
Philadelphia Eagles Jalen Hurts
97%
Washington Commanders Jayden Daniels
97%
Green Bay Packers Jordan Love
97%
Los Angeles Chargers Justin Herbert
97%
Baltimore Ravens Lamar Jackson
97%
San Francisco 49ers Mac Jones
97%
Atlanta Falcons Michael Penix Jr.
97%
Kansas City Chiefs Patrick Mahomes
97%
Seattle Seahawks Sam Darnold
97%
Cleveland Browns Shedeur Sanders
97%
Jacksonville Jaguars Trevor Lawrence
97%
Denver Broncos Bo Nix
94%
Carolina Panthers Bryce Young
94%
Dallas Cowboys Dak Prescott
94%
New York Giants Jaxson Dart
94%
Minnesota Vikings J.J. McCarthy
94%
Las Vegas Raiders Kirk Cousins
94%
Minnesota Vikings Kyler Murray
94%
Tampa Bay Buccaneers Baker Mayfield
91%
San Francisco 49ers Brock Purdy
91%
Tennessee Titans Cam Ward
91%
Las Vegas Raiders Fernando Mendoza
91%
New York Jets Geno Smith
91%
Detroit Lions Jared Goff
91%
Cincinnati Bengals Joe Burrow
91%
Miami Dolphins Malik Willis
91%
Los Angeles Rams Matthew Stafford
91%
New Orleans Saints Zach Wilson
91%
Cleveland Browns Deshaun Watson
88%
Cleveland Browns Dillon Gabriel
88%
Atlanta Falcons Tua Tagovailoa
88%
New Orleans Saints Tyler Shough
88%
Los Angeles Rams Ty Simpson
88%
Philadelphia Eagles Andy Dalton
85%
New York Giants Jameis Winston
85%
Pittsburgh Steelers Mason Rudolph
85%
New Orleans Saints Spencer Rattler
85%
Indianapolis Colts Anthony Richardson Sr.
82%
Arizona Cardinals Jacoby Brissett
82%
Kansas City Chiefs Justin Fields
82%
Cincinnati Bengals Joe Flacco
79%
Washington Commanders Marcus Mariota
79%
Baltimore Ravens Tyler Huntley
79%
Pittsburgh Steelers Will Howard
76%
Houston Texans Davis Mills
70%
Detroit Lions Teddy Bridgewater
70%
Arizona Cardinals Carson Beck
67%
Pittsburgh Steelers Drew Allar
67%
Arizona Cardinals Gardner Minshew II
64%
Tennessee Titans Mitchell Trubisky
64%
Cleveland Browns Taylen Green
61%
Dallas Cowboys Joe Milton III
58%
Carolina Panthers Kenny Pickett
58%
Tampa Bay Buccaneers Jake Browning
55%
Denver Broncos Jarrett Stidham
55%
Cincinnati Bengals Josh Johnson
55%
Miami Dolphins Quinn Ewers
55%
Indianapolis Colts Riley Leonard
55%
Chicago Bears Tyson Bagent
55%
New York Jets Cade Klubnik
48%
Minnesota Vikings Carson Wentz
48%
Philadelphia Eagles Tanner McKee
48%
Los Angeles Chargers Trey Lance
48%
Las Vegas Raiders Aidan O'Connell
45%
Dallas Cowboys Sam Howell
45%
Tennessee Titans Will Levis
45%
Seattle Seahawks Jalen Milroe
42%
New York Jets Brady Cook
39%
Green Bay Packers Desmond Ridder
39%
Seattle Seahawks Drew Lock
39%
Jacksonville Jaguars Nick Mullens
39%
Los Angeles Rams Stetson Bennett IV
39%
Minnesota Vikings Max Brosmer
36%
New England Patriots Tommy DeVito
36%
Kansas City Chiefs Garrett Nussmeier
33%
Kansas City Chiefs Chris Oladokun
30%
Houston Texans Graham Mertz
30%
Tennessee Titans Hendon Hooker
30%
New York Jets Bailey Zappe
27%
New England Patriots Behren Morton
27%
Philadelphia Eagles Cole Payton
27%
Green Bay Packers Kyle McCord
27%
Chicago Bears Case Keenum
24%
Miami Dolphins Cam Miller
21%
Washington Commanders Sam Hartman
21%
Denver Broncos Sam Ehlinger
18%
Cincinnati Bengals Sean Clifford
15%
Buffalo Bills Shane Buechele
15%
Atlanta Falcons Trevor Siemian
15%
Washington Commanders Athan Kaliakmanis
12%
Arizona Cardinals Kedon Slovis
9%
San Francisco 49ers Kurtis Rourke
9%
Los Angeles Chargers DJ Uiagalelei
6%
Carolina Panthers Will Grier
6%
San Francisco 49ers Adrian Martinez
3%
Jacksonville Jaguars Carter Bradley
3%
Jacksonville Jaguars Joey Aguilar
3%
Indianapolis Colts Seth Henigan
3%
Los Angeles Rams Matthew Caldwell
0%
No matching quizzes found
Score Distribution
Percent of People with Each Score
Percentile by Number Answered
Your Score History
You have not taken this quiz